LEADER 01207nam a2200241 i 4500 001 000000179831 003 CaOOAMICUS 005 20090604000000.0 008 090604s1994 fr u000 u fre u 013 $a157437 040 $aSeMil$bita 100 1 $aGantly, Patrick.$0(OLS)http://semarc/name/66642 245 13$aLa voix qui t'appelle :$bvie de Monseigneur Melchior de Marion Brésillac fondateur de la Société des Missions Africanes /$cPatrick Gantly ; Ellen Thorp. 260 $aRome :$b[s.n.],$c1994$e(Roma :$fTipografica Leberit,$g1994) 300 $a373 p., [8] p. di tav. ;$c21 cm. 650 4$aMelchiorre : de Marion Brésillac.$0(OLS)http://semarc/subject/34176 650 4$aSocietà Missioni Africane .$0(OLS)http://semarc/subject/34175 700 1 $aThorp, Ellen.$0(OLS)http://semarc/name/66643 850 $aSeMil 852 $aSeMil$W1$xVenegono$y1$m3E IV 86$j130588$B130588$CSeMilBibl$Z2$F142519 $81 961 $aOmaggio: Altro 996 $6245$aLa voix qui t'appelle :$bvie de Monseigneur Melchior de Marion Brésillac fondateur de la Société des Missions Africanes$9(OLS)http://semarc/title/258194 996 $6260$aRome :$b[s.n.]$9(OLS)http://semarc/publisher/30491 LEADER 00889nam a2200193 i 4500 001 000000091706 003 CaOOAMICUS 005 20160205000000.0 008 160205s1767 it u000 u ita u 013 $a63948 026 $aoai, e.m- 5.n- (Ima (3) 1767 (R) 040 $aSeMil$bita 245 10$aTomo 1. 300 $aXVIII, LVI, 394, [2] p. 500 $aSegn. : *-2*4 3*2 (-3*2) a-g4 A-3C4 3D2. 773 0 $aMassini, Carlo $tSeconda raccolta di vite de' Santi per ciaschedun giorno dell'anno ovvero Appendice alla raccolta delle vite de' Santi pubblicata l'anno 1763. Si premette la vita della Santissima Vergine Maria Madre di Dio. Tomo 1. [-2.].$dIn Roma : Nella Stamperia di Marco Pagliarini, 1767.$g1$w()9256 850 $aSeMil 852 $aSeMil$W1$xVenegono$y1$m3H V 13 FA$j54655$B54655$CSeMilBibl$Z2$F59307 $8I 996 $6245$aTomo 1$9(OLS)http://semarc/title/46685